Normal view
MARC view
- ميخائيل تأليف /سينجليترى م.مشارك/ستون,جيرالد م.مشارك/بن أهنية,عبد الله مترجم وآخرون
Entry Personal Name
001 - CONTROL NUMBER
- control field: 44499
003 - CONTROL NUMBER IDENTIFIER
- control field: JO-AjAnu
005 - DATE AND TIME OF LATEST TRANSACTION
- control field: 20230606081352.0
008 - FIXED-LENGTH DATA ELEMENTS
- fixed length control field: 230606|| aca||aabn | a|a d
040 ## - CATALOGING SOURCE
- Original cataloging agency: JO-AjAnu
- Transcribing agency: JO-AjAnu
100 ## - HEADING--PERSONAL NAME
- Personal name: ميخائيل تأليف /سينجليترى م.مشارك/ستون,جيرالد م.مشارك/بن أهنية,عبد الله مترجم وآخرون
670 ## - SOURCE DATA FOUND
- Source citation: Work cat.: (JO-AjAnu)22787: ميخائيل تأليف /سينجليترى م.مشارك/ستون,جيرالد م.مشارك/بن أهنية,عبد الله مترجم وآخرون, author, دليل كتاب: نظرية الاتصال والبحوث التطبيقية